• 首页
  • 本馆介绍
  • 公告通知
  • 最新文献
  • 馆藏检索
  • 电子资源
  • 读者导购
  • 参考咨询
  • 我的图书馆
  • 登录
  • 详细信息显示
  • 放入我的书架
  • 预约/预借图书
  • 作者相关作品
  • 分类相关作品
  • 丛书相关作品
  • 出版社相关作品

书目信息

  • 表格格式
  • 工作单格式
  • 卡片格式
题名:
康复医学导论
    
 
作者: 李建军 , 桑德春 编著
分册:  
出版信息: 北京   华夏出版社  2012.01
页数: 159页
开本: 26cm
丛书名:
单 册:
中图分类: R49
科图分类:
主题词: 康复医学--kang fu yi xue--医学院校--教材
电子资源:
ISBN: 978-7-5080-6768-1
000 01004nam0 2200277 450
001 0109110114
005 20201109155630.35
010    @a978-7-5080-6768-1@dCNY25.00
100    @a20120318e20192012em y0chiy0110 ea
101 0  @achi
102    @aCN@b110000
105    @ay z 000yy
106    @ar
200 1  @a康复医学导论@Akang fu yi xue dao lun@dThe introduction of rehabilitation medicine@f李建军, 桑德春编著@zeng
205    @a2版
210    @a北京@c华夏出版社@d2012.01@h2019.09
215    @a159页@d26cm
300    @a高等医学院校康复治疗学专业教材
330    @a本书主要介绍康复与康复医学的基本概念、基础理论知识、康复医学的基本方法、康复医疗服务体系、康复专业人员教育和培养,以及残疾人康复事业等相关问题。
510 1  @aIntroduction of rehabilitation medicine@zeng
606 0  @a康复医学@Akang fu yi xue@x医学院校@j教材
690    @aR49@v5
701  0 @a李建军@Ali jian jun@4编著
701  0 @a桑德春@Asang de chun@4编著
801  0 @aCN@bBJSZM@c20201103
905    @b1267041-4@dR49@e134:2@f4
    
    康复医学导论=The introduction of rehabilitation medicine/李建军, 桑德春编著.-2版.-北京:华夏出版社,2012.01(2019.09)
    159页;26cm
    高等医学院校康复治疗学专业教材
    
    ISBN 978-7-5080-6768-1:CNY25.00
    本书主要介绍康复与康复医学的基本概念、基础理论知识、康复医学的基本方法、康复医疗服务体系、康复专业人员教育和培养,以及残疾人康复事业等相关问题。
●
相关链接 在E读中查询图书 在五车中查询图书 在当当中查询图书 在豆瓣中查询图书


正题名:康复医学导论     索取号:R49/134:2         预约/预借

序号 登录号 条形码 馆藏地/架位号 状态 备注
1 1267041   212670411   第二样本阅览室/ [索取号:R49/134:2] 在馆    
2 1267042   212670420   教育系资料室/ [索取号:R49/134:2] 在馆    
3 1267043   212670439   教育系资料室/ [索取号:R49/134:2] 在馆    
4 1267044   212670448   第三借阅区/ [索取号:R49/134:2] 在馆    
唐山师范学院图书馆 欢迎您!
大连网信软件有限公司© 版权所有